UBT Library

Teknologjia e perpunimit te frutave dhe perimeve: (Record no. 2101)

000 -LEADER
fixed length control field 00299nam a22001097a 4500
008 - FIXED-LENGTH DATA ELEMENTS--GENERAL INFORMATION
fixed length control field 160512b xxu||||| |||| 00| 0 eng d
020 ## - INTERNATIONAL STANDARD BOOK NUMBER
International Standard Book Number 9994397486
041 ## - LANGUAGE CODE
Language code of text/sound track or separate title eng
080 ## - UNIVERSAL DECIMAL CLASSIFICATION NUMBER
Universal Decimal Classification number 612.39
245 ## - TITLE STATEMENT
Title Teknologjia e perpunimit te frutave dhe perimeve:
Statement of responsibility, etc Renata Kongoli; iliriana Bocil;
942 ## - ADDED ENTRY ELEMENTS (KOHA)
Source of classification or shelving scheme
Item type Books
Holdings
Withdrawn status Lost status Source of classification or shelving scheme Damaged status Not for loan Collection code Permanent location Current location Shelving location Date acquired Total Checkouts Full call number Barcode Date last seen Price effective from Koha item type
          Koleksioni i përgjithshem UBT - Lipjan UBT - Lipjan Koleksioni i përgjithshem 05/12/2016   612.39 KON 002-028863 05/12/2016 05/12/2016 Books
UBT Library © 2015-2024. All rights reserved University Education for Business and Technology